The literary persona /

Bibliographic Details
Main Author: Elliott, Robert C., 1914-1981
Format: Book
Language:English
Published: Chicago : University of Chicago Press, 1982.
Subjects:

MARC

Tag First Indicator Second Indicator Subfields
LEADER 00000cam a22000008a 4500
001 in00000095531
005 20150923173640.0
008 811109s1982 ilu b s00110 eng
010 |a  81019656  
020 |a 0226205029 
035 |a (OCoLC)07977971 
035 |9 AAK8175AM 
039 0 |a 2  |b 3  |c 3  |d 3  |e 3 
040 |a DLC  |c DLC  |d TXA  |d UtOrBLW 
049 |a TXAM  |c [1197269] 
050 0 0 |a PN218  |b  E48 
082 0 |a 801/.95  |2 19 
100 1 |a Elliott, Robert C.,  |d 1914-1981. 
245 1 4 |a The literary persona /  |c Robert C. Elliott. 
263 |a 8205 
264 1 |a Chicago :  |b University of Chicago Press,  |c 1982. 
300 |a xiv, 174 pages ;  |c 22 cm. 
336 |a text  |b txt  |2 rdacontent 
337 |a unmediated  |b n  |2 rdamedia 
338 |a volume  |b nc  |2 rdacarrier 
504 |a Includes bibliographical references and index. 
600 1 0 |a Swift, Jonathan,  |d 1667-1745  |x Criticism and interpretation. 
650 0 |a Persona (Literature) 
650 0 |a Criticism. 
999 |a MARS 
999 f f |s 228b8d08-cf93-3e49-8244-9bc77520139a  |i 9d5b8faf-ec33-3249-ac07-e9c9d65f6c06  |t 0 
952 f f |p ric  |a Texas A&M University  |b Rellis Campus  |c Joint Library Facility  |d Remote Storage  |t 0  |e PN218 E48  |h Library of Congress classification  |i unmediated -- volume  |m A14806028346 
998 f f |a PN218 E48  |t 0  |l Remote Storage